A question of values : (Record no. 7042)

MARC details
000 -LEADER
fixed length control field 01385cam a2200313 a 4500
001 - CONTROL NUMBER
control field 1982594
003 - CONTROL NUMBER IDENTIFIER
control field AUA.1
005 - DATE AND TIME OF LATEST TRANSACTION
control field 20121106095915.0
008 - FIXED-LENGTH DATA ELEMENTS--GENERAL INFORMATION
fixed length control field 890830s1990 cau b 001 0 eng
010 ## - LIBRARY OF CONGRESS CONTROL NUMBER
LC control number 89045989
020 ## - INTERNATIONAL STANDARD BOOK NUMBER
International Standard Book Number 0062505211
040 ## - CATALOGING SOURCE
Original cataloging agency DLC
Transcribing agency DLC
Modifying agency DLC
050 00 - LIBRARY OF CONGRESS CALL NUMBER
Classification number BD 232
Item number .L48 1990
082 00 - DEWEY DECIMAL CLASSIFICATION NUMBER
Classification number 170
Edition number 20
100 1# - MAIN ENTRY--PERSONAL NAME
Personal name Lewis, Hunter.
9 (RLIN) 24059
245 12 - TITLE STATEMENT
Title A question of values :
Remainder of title six ways we make the personal choices that shape our lives /
Statement of responsibility, etc Hunter Lewis.
250 ## - EDITION STATEMENT
Edition statement 1st ed.
260 ## - PUBLICATION, DISTRIBUTION, ETC. (IMPRINT)
Place of publication, distribution, etc San Francisco :
Name of publisher, distributor, etc Harper & Row,
Date of publication, distribution, etc c1990.
300 ## - PHYSICAL DESCRIPTION
Extent xi, 282 p. ;
Dimensions 22 cm.
504 ## - BIBLIOGRAPHY, ETC. NOTE
Bibliography, etc Includes bibliographical references (p. [265]-268) and index.
650 #0 - SUBJECT ADDED ENTRY--TOPICAL TERM
Topical term or geographic name as entry element Values.
9 (RLIN) 24060
650 #0 - SUBJECT ADDED ENTRY--TOPICAL TERM
Topical term or geographic name as entry element Decision making.
9 (RLIN) 24061
906 ## - LOCAL DATA ELEMENT F, LDF (RLIN)
a 7
b cbc
c orignew
d 1
e ocip
f 19
g y-gencatlg
942 ## - ADDED ENTRY ELEMENTS (KOHA)
Source of classification or shelving scheme Library of Congress Classification
Koha item type Books
Classification part BD 232
Item part .L48 1990
Holdings
Withdrawn status Lost status Source of classification or shelving scheme Damaged status Not for loan Collection code Home library Current library Shelving location Date acquired Source of acquisition Cost, normal purchase price Serial Enumeration / chronology Full call number Barcode Date last seen Cost, replacement price Price effective from Koha item type Copy number
    Library of Congress Classification     Books Judith Thomas Library Judith Thomas Library General Stacks 10/08/2012 Donation, Dr. Russell Staples 25.00 AUA009639 BD 232 .L48 1990 AUA009639 10/08/2012 25.00 10/08/2012 Books  
    Library of Congress Classification     Books Judith Thomas Library Judith Thomas Library General Stacks 06/11/2012 Donation, Review & Herald 10.00 AUA011325 BD 232 .L48 1990 AUA011325 06/11/2012 10.00 06/11/2012 Books 2